[Event "AsianNationCupW-Standard"]
[Site "Hamedan 2018"]
[Date "2018.07.30"]
[Round "3.6"]
[White "Shen, Yang"]
[Black "Abdumalik, Zhansaya"]
[Result "1/2-1/2"]
[BlackElo "2488"]
[WhiteElo "2462"]
[LiveChessVersion "1.4.8"]

1. d4 {[%clk 1:30:53]} Nf6 {[%clk 1:30:55]} 2. c4 {[%clk 1:30:51]} g6
{[%clk 1:31:15]} 3. Nc3 {[%clk 1:30:41]} d5 {[%clk 1:31:39]} 4. Bg5
{[%clk 1:31:01]} Ne4 {[%clk 1:31:32]} 5. Bh4 {[%clk 1:31:21]} Nxc3
{[%clk 1:31:44]} 6. bxc3 {[%clk 1:31:49]} dxc4 {[%clk 1:32:06]} 7. e3
{[%clk 1:32:10]} Be6 {[%clk 1:32:08]} 8. Qb1 {[%clk 1:32:28]} Qd5
{[%clk 1:24:08]} 9. Be2 {[%clk 1:32:42]} Qa5 10. Qb2 {[%clk 1:28:07]} Nd7
{[%clk 1:17:06]} 11. Bf3 c6 {[%clk 1:08:51]} 12. Ne2 {[%clk 1:28:05]} Nb6
{[%clk 1:08:46]} 13. O-O {[%clk 1:21:13]} h5 {[%clk 1:06:30]} 14. Bg3 Rc8
{[%clk 0:47:15]} 15. h4 {[%clk 1:17:45]} Bg7 {[%clk 0:44:12]} 16. Rfb1
{[%clk 1:08:20]} Bg4 {[%clk 0:34:13]} 17. Qb4 {[%clk 0:59:43]} Qxb4
{[%clk 0:28:46]} 18. Rxb4 {[%clk 1:00:10]} c5 {[%clk 0:25:26]} 19. Rb5
{[%clk 0:57:03]} cxd4 {[%clk 0:23:47]} 20. exd4 {[%clk 0:56:17]} Bxf3
{[%clk 0:18:22]} 21. gxf3 {[%clk 0:56:45]} Rc6 {[%clk 0:15:37]} 22. a4
{[%clk 0:56:13]} a6 {[%clk 0:15:01]} 23. Rb4 {[%clk 0:54:03]} Bf6
{[%clk 0:06:21]} 24. Rab1 {[%clk 0:53:57]} Nd5 {[%clk 0:06:16]} 25. Rxb7
{[%clk 0:54:15]} O-O {[%clk 0:06:16]} 26. Rd7 {[%clk 0:51:19]} e6
{[%clk 0:03:23]} 27. Rbb7 {[%clk 0:50:53]} a5 {[%clk 0:02:20]} 28. Kg2
{[%clk 0:45:16]} Re8 {[%clk 0:02:34]} 29. Nf4 {[%clk 0:36:10]} Nxc3
{[%clk 0:02:02]} 30. Rxf7 {[%clk 0:36:32]} Rf8 {[%clk 0:00:44]} 31. Rfd7
{[%clk 0:35:42]} Nd5 {[%clk 0:00:51]} 32. Nxg6 {[%clk 0:32:56]} Rd8
{[%clk 0:00:52]} 33. Rf7 {[%clk 0:28:24]} Rb6 {[%clk 0:01:02]} 34. Ra7
{[%clk 0:25:54]} Ra6 {[%clk 0:01:26]} 35. Rab7 {[%clk 0:24:42]} Rb6
{[%clk 0:01:55]} 36. Ra7 {[%clk 0:24:30]} Ra6 {[%clk 0:02:24]} 37. Rab7
{[%clk 0:21:15]} Rb6 {[%clk 0:02:47]} 1/2-1/2

[Event "AsianNationCupW-Standard"]
[Site "Hamedan 2018"]
[Date "2018.07.31"]
[Round "4.1"]
[White "Saduakassova, Dinara"]
[Black "Khademalsharieh, Sarasadat"]
[Result "0-1"]
[BlackElo "2408"]
[WhiteElo "2489"]
[LiveChessVersion "1.4.8"]

1. d4 {[%clk 1:30:54]} Nf6 {[%clk 1:30:53]} 2. c4 {[%clk 1:31:21]} e6
{[%clk 1:31:19]} 3. Nc3 {[%clk 1:31:48]} Bb4 {[%clk 1:31:42]} 4. Qc2
{[%clk 1:32:14]} b6 {[%clk 1:31:58]} 5. e4 {[%clk 1:32:18]} c5 {[%clk 1:32:21]}
6. d5 {[%clk 1:32:41]} Qe7 {[%clk 1:32:41]} 7. Nge2 {[%clk 1:32:56]} exd5
{[%clk 1:33:02]} 8. exd5 {[%clk 1:33:22]} d6 {[%clk 1:33:10]} 9. Bg5
{[%clk 1:32:39]} h6 {[%clk 1:33:28]} 10. Bh4 {[%clk 1:32:26]} O-O
{[%clk 1:33:45]} 11. O-O-O {[%clk 1:32:13]} Re8 {[%clk 1:34:10]} 12. a3
{[%clk 1:30:57]} Ba5 {[%clk 1:34:20]} 13. f3 {[%clk 1:30:49]} Nbd7
{[%clk 1:31:56]} 14. Ne4 g5 {[%clk 1:25:25]} 15. Nxf6+ {[%clk 1:17:22]} Qxf6
{[%clk 1:25:24]} 16. Bg3 {[%clk 1:07:29]} Ne5 {[%clk 0:55:38]} 17. Nc3
{[%clk 1:07:29]} Bf5 18. Ne4 Qg6 {[%clk 0:55:38]} 19. h4 {[%clk 1:03:39]} b5
{[%clk 0:51:15]} 20. cxb5 {[%clk 0:38:28]} c4 {[%clk 0:46:57]} 21. Kb1 Ng4
{[%clk 0:29:14]} 22. h5 {[%clk 0:26:56]} Qh7 {[%clk 0:26:53]} 23. Bxc4
{[%clk 0:19:49]} Ne3 {[%clk 0:20:47]} 24. Qb3 {[%clk 0:17:31]} Bxe4+
{[%clk 0:20:35]} 25. fxe4 {[%clk 0:17:56]} Nxd1 {[%clk 0:20:56]} 26. Rxd1
{[%clk 0:16:59]} Qxe4+ {[%clk 0:21:18]} 27. Bd3 {[%clk 0:16:43]} Qxg2
{[%clk 0:20:44]} 28. Bxd6 {[%clk 0:11:33]} Rad8 {[%clk 0:18:29]} 29. Bc5
{[%clk 0:11:35]} Re5 {[%clk 0:15:24]} 30. Bc4 {[%clk 0:11:30]} Bb6
{[%clk 0:15:22]} 31. Bxb6 {[%clk 0:06:17]} axb6 {[%clk 0:15:48]} 32. d6
{[%clk 0:06:39]} Qf2 {[%clk 0:12:55]} 33. Ka2 {[%clk 0:05:49]} Re3
{[%clk 0:11:44]} 34. Qb4 {[%clk 0:03:31]} Re4 {[%clk 0:11:53]} 35. Qb3
{[%clk 0:03:22]} Qf6 {[%clk 0:11:47]} 36. d7 {[%clk 0:03:09]} Re7
{[%clk 0:10:34]} 37. Qh3 {[%clk 0:02:32]} Qf4 {[%clk 0:08:30]} 38. Bb3
{[%clk 0:02:16]} Re3 {[%clk 0:02:29]} 39. Qg2 {[%clk 0:01:44]} Rf3
{[%clk 0:00:58]} 40. Qc2 {[%clk 0:01:48]} Kg7 {[%clk 0:01:13]} 41. Qc8
{[%clk 0:21:03]} Qf6 {[%clk 0:30:24]} 42. Rd2 {[%clk 0:18:11]} g4
{[%clk 0:28:00]} 43. Rg2 {[%clk 0:12:25]} g3 {[%clk 0:26:32]} 44. Qc7
{[%clk 0:10:48]} Kf8 {[%clk 0:20:14]} 45. Qc6 {[%clk 0:07:19]} Kg7
{[%clk 0:18:48]} 46. Qe4 {[%clk 0:05:45]} Qf4 {[%clk 0:15:34]} 47. Qxf4
{[%clk 0:03:24]} Rxf4 {[%clk 0:15:59]} 48. Rxg3+ {[%clk 0:03:51]} Kf6
{[%clk 0:15:43]} 49. Rc3 {[%clk 0:01:56]} Ke7 {[%clk 0:15:46]} 50. a4
{[%clk 0:01:45]} Rxd7 {[%clk 0:16:01]} 51. Rc8 {[%clk 0:01:29]} Rf5
{[%clk 0:14:25]} 52. Rb8 {[%clk 0:01:48]} Rd6 {[%clk 0:14:17]} 53. Bc4
{[%clk 0:01:54]} Rf4 {[%clk 0:14:07]} 54. b3 {[%clk 0:02:17]} f5 {[%clk 0:14:23]}
55. Ka3 {[%clk 0:01:54]} Rf2 {[%clk 0:12:37]} 56. Kb4 {[%clk 0:02:01]} Ra2
{[%clk 0:12:46]} 57. Rb7+ {[%clk 0:01:02]} Kf6 {[%clk 0:13:08]} 58. Rf7+
{[%clk 0:01:11]} Kg5 {[%clk 0:13:17]} 59. Rc7 {[%clk 0:01:18]} f4
{[%clk 0:12:33]} 60. Rc6 {[%clk 0:01:42]} Rf6 {[%clk 0:11:22]} 61. a5
{[%clk 0:01:47]} Rxc6 {[%clk 0:07:59]} 62. bxc6 {[%clk 0:02:13]} Rxa5
{[%clk 0:08:26]} 63. Be2 {[%clk 0:02:39]} Rc5 {[%clk 0:08:35]} 64. Bf3
{[%clk 0:03:05]} Kh4 {[%clk 0:08:59]} 65. Ka4 {[%clk 0:03:32]} Ra5+
{[%clk 0:08:47]} 66. Kb4 {[%clk 0:03:58]} Kg3 {[%clk 0:09:09]} 67. Be2
{[%clk 0:03:07]} f3 {[%clk 0:09:07]} 68. Bb5 {[%clk 0:03:16]} f2 {[%clk 0:09:14]}
69. c7 {[%clk 0:03:42]} Rxb5+ {[%clk 0:07:21]} 70. Kxb5 {[%clk 0:04:07]} f1=Q+
{[%clk 0:07:46]} 71. Kxb6 {[%clk 0:04:16]} Qf6+ {[%clk 0:07:46]} 72. Kb7
{[%clk 0:04:11]} Qf3+ {[%clk 0:08:11]} 73. Kb8 {[%clk 0:04:33]} Qxb3+
{[%clk 0:08:37]} 74. Ka8 {[%clk 0:04:54]} Qc4 {[%clk 0:08:55]} 75. Kb8
{[%clk 0:05:18]} Kg4 {[%clk 0:08:48]} 0-1

[Event "AsianNationCupW-Standard"]
[Site "Hamedan 2018"]
[Date "2018.07.31"]
[Round "4.2"]
[White "Hejazipour, Mitra"]
[Black "Abdumalik, Zhansaya"]
[Result "1/2-1/2"]
[BlackElo "2488"]
[WhiteElo "2276"]
[LiveChessVersion "1.4.8"]

1. d4 {[%clk 1:30:35]} Nf6 {[%clk 1:30:51]} 2. c4 {[%clk 1:30:51]} g6
{[%clk 1:31:05]} 3. Nc3 {[%clk 1:31:06]} d5 {[%clk 1:31:27]} 4. Nf3
{[%clk 1:31:25]} Bg7 {[%clk 1:31:34]} 5. h4 {[%clk 1:31:45]} c6 {[%clk 1:29:26]}
6. cxd5 {[%clk 1:31:56]} cxd5 {[%clk 1:29:40]} 7. Bf4 {[%clk 1:32:09]} Nc6
{[%clk 1:28:05]} 8. e3 {[%clk 1:31:42]} O-O {[%clk 1:25:31]} 9. Qb3
{[%clk 1:31:36]} Na5 {[%clk 1:20:27]} 10. Qa3 {[%clk 1:27:12]} a6 11. Be2
{[%clk 1:21:42]} Bg4 {[%clk 1:11:31]} 12. O-O {[%clk 1:08:51]} Rc8
{[%clk 1:08:59]} 13. Rfc1 {[%clk 1:06:18]} Re8 14. b3 {[%clk 0:55:36]} Nh5
{[%clk 0:53:11]} 15. Ne5 Bxe2 {[%clk 0:47:25]} 16. Nxe2 {[%clk 0:44:39]} Nxf4 17.
exf4 {[%clk 0:27:19]} Rxc1+ {[%clk 0:36:20]} 18. Rxc1 {[%clk 0:27:37]} e6
{[%clk 0:35:39]} 19. Qa4 {[%clk 0:19:19]} Bf8 {[%clk 0:28:40]} 20. Qd7
{[%clk 0:16:58]} Qxd7 {[%clk 0:24:58]} 21. Nxd7 {[%clk 0:17:25]} Be7
{[%clk 0:19:21]} 22. g3 {[%clk 0:17:11]} Rd8 {[%clk 0:17:55]} 23. Ne5
{[%clk 0:15:38]} f6 {[%clk 0:16:26]} 24. Nd3 {[%clk 0:15:44]} Nc6
{[%clk 0:15:43]} 25. Nc5 {[%clk 0:13:44]} Bxc5 {[%clk 0:15:52]} 26. Rxc5
{[%clk 0:14:11]} Kf7 {[%clk 0:14:41]} 27. Kg2 {[%clk 0:09:37]} Ke7
{[%clk 0:14:54]} 28. Rc1 {[%clk 0:09:38]} Rc8 {[%clk 0:13:06]} 29. g4
{[%clk 0:07:19]} Kd7 {[%clk 0:12:31]} 30. f3 {[%clk 0:06:08]} a5 {[%clk 0:10:12]}
31. a3 {[%clk 0:04:47]} Re8 {[%clk 0:07:40]} 32. Kf2 {[%clk 0:03:36]} Kd6
{[%clk 0:08:04]} 33. Rd1 {[%clk 0:02:38]} Rc8 {[%clk 0:08:06]} 34. Ke3
{[%clk 0:02:31]} h5 {[%clk 0:04:34]} 35. Rg1 {[%clk 0:01:36]} Ne7
{[%clk 0:03:35]} 36. Kd3 {[%clk 0:01:39]} Rh8 {[%clk 0:04:01]} 37. Rh1
{[%clk 0:01:08]} Nc6 {[%clk 0:03:56]} 38. Nc3 {[%clk 0:00:57]} e5
{[%clk 0:03:06]} 39. fxe5+ {[%clk 0:00:53]} fxe5 {[%clk 0:03:33]} 40. Nb5+
{[%clk 0:00:58]} Kd7 {[%clk 0:03:12]} 41. gxh5 {[%clk 0:20:50]} Rxh5
{[%clk 0:25:56]} 42. dxe5 {[%clk 0:19:07]} g5 {[%clk 0:19:35]} 43. Ke3
{[%clk 0:17:45]} Ke6 {[%clk 0:16:14]} 44. f4 {[%clk 0:17:03]} Rxh4
{[%clk 0:12:08]} 45. Rxh4 {[%clk 0:11:03]} gxh4 {[%clk 0:12:36]} 46. Nc7+
{[%clk 0:10:55]} Kf5 {[%clk 0:12:42]} 47. Nxd5 {[%clk 0:10:09]} h3
{[%clk 0:12:08]} 48. Kf3 {[%clk 0:09:53]} Nd4+ {[%clk 0:08:30]} 49. Kg3
{[%clk 0:10:13]} Ne2+ {[%clk 0:07:54]} 50. Kxh3 {[%clk 0:09:56]} Ke6
{[%clk 0:08:20]} 51. Ne3 {[%clk 0:09:41]} Nxf4+ {[%clk 0:08:36]} 52. Kg3
{[%clk 0:09:29]} Ne2+ {[%clk 0:07:53]} 53. Kf3 {[%clk 0:09:14]} Nd4+
{[%clk 0:08:12]} 54. Ke4 {[%clk 0:09:31]} Nxb3 {[%clk 0:08:38]} 55. Nc4
{[%clk 0:09:35]} a4 {[%clk 0:06:52]} 56. Nb6 {[%clk 0:09:26]} Nd2+
{[%clk 0:06:56]} 57. Kd4 {[%clk 0:09:09]} Nf3+ {[%clk 0:07:21]} 58. Kc3
{[%clk 0:09:31]} Nxe5 {[%clk 0:07:45]} 59. Nxa4 {[%clk 0:09:56]} 1/2-1/2

[Event "AsianNationCupW-Standard"]
[Site "Hamedan 2018"]
[Date "2018.07.31"]
[Round "4.3"]
[White "Nakhbayeva, Guliskhan"]
[Black "Alinasab, Mobina"]
[Result "1-0"]
[BlackElo "2281"]
[WhiteElo "2352"]
[LiveChessVersion "1.4.8"]

1. d4 {[%clk 1:30:57]} e6 {[%clk 1:30:48]} 2. c4 {[%clk 1:31:06]} d5
{[%clk 1:31:14]} 3. Nc3 {[%clk 1:31:26]} a6 {[%clk 1:31:41]} 4. e3
{[%clk 1:29:12]} dxc4 {[%clk 1:31:39]} 5. Bxc4 {[%clk 1:29:31]} Nf6
{[%clk 1:31:48]} 6. Nf3 {[%clk 1:29:42]} Be7 {[%clk 1:30:45]} 7. O-O
{[%clk 1:29:36]} b5 {[%clk 1:29:19]} 8. Bd3 {[%clk 1:22:18]} Bb7 {[%clk 1:29:29]}
9. Qe2 {[%clk 1:22:13]} Nbd7 {[%clk 1:21:43]} 10. e4 {[%clk 1:16:11]} c5
{[%clk 1:21:44]} 11. d5 {[%clk 1:15:11]} e5 {[%clk 1:02:40]} 12. b3
{[%clk 1:04:15]} O-O {[%clk 1:02:40]} 13. a4 {[%clk 1:04:15]} b4 {[%clk 1:02:40]}
14. Nd1 {[%clk 1:04:15]} Ne8 {[%clk 1:02:40]} 15. Bb2 {[%clk 1:04:15]} f6
{[%clk 1:02:40]} 16. Ne3 {[%clk 1:04:15]} Nd6 {[%clk 0:50:10]} 17. Nh4 Qe8
{[%clk 0:50:10]} 18. Nef5 {[%clk 0:57:57]} g6 {[%clk 0:49:49]} 19. Qg4
{[%clk 0:55:45]} Kh8 {[%clk 0:36:35]} 20. Nxe7 {[%clk 0:54:13]} Qxe7
{[%clk 0:36:58]} 21. Qxg6 {[%clk 0:54:37]} Rg8 {[%clk 0:37:25]} 22. Qh5
{[%clk 0:48:05]} Rg5 {[%clk 0:37:08]} 23. Qe2 {[%clk 0:44:27]} Rag8
{[%clk 0:37:18]} 24. g3 {[%clk 0:43:02]} Rg4 {[%clk 0:30:13]} 25. Ng2
{[%clk 0:40:37]} Qf7 {[%clk 0:28:13]} 26. f3 {[%clk 0:36:24]} R4g7
{[%clk 0:25:29]} 27. Bxa6 {[%clk 0:35:31]} Ba8 {[%clk 0:19:59]} 28. Bd3
{[%clk 0:31:45]} Qh5 {[%clk 0:15:22]} 29. Rf2 {[%clk 0:30:20]} Qh3
{[%clk 0:15:15]} 30. Ne3 {[%clk 0:24:17]} Rg6 {[%clk 0:14:22]} 31. a5
{[%clk 0:19:00]} Nf8 {[%clk 0:10:55]} 32. Rg2 {[%clk 0:18:31]} Qd7
{[%clk 0:05:28]} 33. a6 {[%clk 0:18:42]} h5 {[%clk 0:04:02]} 34. f4
{[%clk 0:11:17]} exf4 {[%clk 0:03:46]} 35. gxf4 {[%clk 0:11:44]} Rxg2+ 36. Nxg2
{[%clk 0:12:13]} Qh3 {[%clk 0:01:43]} 37. Bxf6+ {[%clk 0:12:38]} Kh7
{[%clk 0:02:08]} 38. e5+ {[%clk 0:12:00]} Nf5 {[%clk 0:02:20]} 39. Be4
{[%clk 0:10:19]} Ng6 {[%clk 0:00:39]} 40. Qd3 {[%clk 0:08:45]} Qxd3
{[%clk 0:00:35]} 41. Bxd3 {[%clk 0:09:13]} Nxf4 {[%clk 0:00:38]} 42. Bxf5+
{[%clk 0:09:37]} Kh6 {[%clk 0:01:02]} 43. Be4 {[%clk 0:09:30]} Nxg2
{[%clk 0:01:20]} 44. Bxg2 {[%clk 0:08:07]} Bxd5 {[%clk 0:01:46]} 45. Ra2
{[%clk 0:08:32]} c4 {[%clk 0:00:34]} 46. Rd2 {[%clk 0:02:41]} cxb3
{[%clk 0:24:47]} 47. Rxd5 {[%clk 0:32:50]} b2 {[%clk 0:24:59]} 48. Rd1
{[%clk 0:33:16]} Rc8 {[%clk 0:25:26]} 49. h4 {[%clk 0:33:35]} 1-0

[Event "AsianNationCupW-Standard"]
[Site "Hamedan 2018"]
[Date "2018.07.31"]
[Round "4.6"]
[White "Asgharzadeh, Mitra"]
[Black "Wang, Jue"]
[Result "1/2-1/2"]
[BlackElo "2377"]
[WhiteElo "1985"]
[LiveChessVersion "1.4.8"]

1. Nf3 {[%clk 1:30:53]} c5 {[%clk 1:30:52]} 2. g3 {[%clk 1:31:14]} Nc6
{[%clk 1:30:34]} 3. Bg2 {[%clk 1:31:32]} g6 {[%clk 1:30:01]} 4. O-O
{[%clk 1:31:42]} Bg7 {[%clk 1:30:27]} 5. d3 {[%clk 1:32:03]} d5 {[%clk 1:26:28]}
6. Nbd2 {[%clk 1:32:04]} e5 {[%clk 1:26:09]} 7. e4 {[%clk 1:32:13]} d4
{[%clk 1:26:14]} 8. a3 {[%clk 1:28:43]} Nge7 9. Qe1 {[%clk 1:19:51]} h6
{[%clk 1:10:04]} 10. Rb1 {[%clk 1:14:21]} a5 {[%clk 1:06:35]} 11. Nh4
{[%clk 1:08:30]} g5 12. Nf5 Nxf5 {[%clk 0:48:05]} 13. exf5 {[%clk 1:08:28]} Bxf5
{[%clk 0:48:30]} 14. f4 {[%clk 1:07:33]} gxf4 {[%clk 0:36:28]} 15. gxf4
{[%clk 1:07:35]} Qd7 16. Nc4 {[%clk 0:57:10]} Rd8 {[%clk 0:28:38]} 17. fxe5
{[%clk 0:56:58]} O-O {[%clk 0:28:38]} 18. Qg3 {[%clk 0:55:00]} Kh8 19. Qh4
{[%clk 0:36:47]} Qe6 {[%clk 0:25:02]} 20. Kh1 {[%clk 0:35:48]} Bh7
{[%clk 0:23:28]} 21. Bh3 {[%clk 0:33:27]} Qd5+ {[%clk 0:18:55]} 22. Bg2
{[%clk 0:33:45]} Qe6 {[%clk 0:19:20]} 23. Bh3 {[%clk 0:33:58]} Qd5+
{[%clk 0:19:11]} 24. Bg2 {[%clk 0:34:17]} Qe6 {[%clk 0:18:16]} 25. Bh3
{[%clk 0:34:26]} Qd5+ {[%clk 0:15:33]} 1/2-1/2

[Event "AsianNationCupW-Standard"]
[Site "Hamedan 2018"]
[Date "2018.07.31"]
[Round "4.7"]
[White "Guo, Qi"]
[Black "Alavi, Homa"]
[Result "1-0"]
[BlackElo "1985"]
[WhiteElo "2361"]
[LiveChessVersion "1.4.8"]

1. d4 {[%clk 1:30:50]} d5 {[%clk 1:30:44]} 2. c4 {[%clk 1:31:11]} e6
{[%clk 1:30:49]} 3. Nc3 {[%clk 1:31:12]} a6 {[%clk 1:31:03]} 4. cxd5
{[%clk 1:29:18]} exd5 {[%clk 1:31:27]} 5. Nf3 {[%clk 1:29:00]} Nf6
{[%clk 1:31:41]} 6. Bg5 {[%clk 1:29:07]} Be7 {[%clk 1:31:31]} 7. e3
{[%clk 1:28:58]} O-O {[%clk 1:31:32]} 8. Bd3 {[%clk 1:28:47]} Nbd7
{[%clk 1:30:54]} 9. h3 {[%clk 1:28:34]} Re8 {[%clk 1:30:36]} 10. Qc2
{[%clk 1:27:53]} g6 {[%clk 1:28:40]} 11. O-O {[%clk 1:21:10]} b6 {[%clk 1:25:54]}
12. Rfd1 Bb7 13. Rac1 {[%clk 1:18:39]} Rc8 {[%clk 1:24:38]} 14. Qe2
{[%clk 1:18:23]} b5 {[%clk 1:24:22]} 15. a4 {[%clk 1:16:07]} c6 {[%clk 1:24:25]}
16. Nd2 {[%clk 1:07:33]} Nh5 {[%clk 1:22:15]} 17. Bxe7 {[%clk 1:07:24]} Qxe7
{[%clk 1:22:43]} 18. Nb3 {[%clk 1:07:27]} Qb4 {[%clk 1:18:53]} 19. Qc2
{[%clk 1:04:25]} Qe7 {[%clk 1:00:06]} 20. Ra1 {[%clk 1:04:25]} b4
{[%clk 1:00:06]} 21. Ne2 {[%clk 1:04:25]} c5 22. dxc5 Nxc5 23. Ned4
{[%clk 1:00:00]} Nxa4 {[%clk 1:00:06]} 24. Qe2 {[%clk 0:57:50]} Qd7
{[%clk 0:59:56]} 25. Qd2 Rb8 {[%clk 0:49:48]} 26. Ra2 {[%clk 0:55:36]} Nb6
{[%clk 0:42:25]} 27. Qxb4 {[%clk 0:48:48]} Nc4 28. Nc5 {[%clk 0:41:02]} Qc8
{[%clk 0:21:44]} 29. Bxc4 {[%clk 0:33:27]} dxc4 {[%clk 0:21:15]} 30. Nxb7
{[%clk 0:33:52]} Rxb7 {[%clk 0:20:38]} 31. Qa4 {[%clk 0:32:34]} Rb6
{[%clk 0:14:57]} 32. Rc1 {[%clk 0:32:57]} Re7 {[%clk 0:10:56]} 33. Rxc4
{[%clk 0:30:10]} Rc7 {[%clk 0:10:19]} 34. b3 {[%clk 0:27:44]} Rxc4
{[%clk 0:09:21]} 35. Qxc4 {[%clk 0:28:09]} Qb7 {[%clk 0:08:36]} 36. Ra5
{[%clk 0:28:13]} Ng7 {[%clk 0:06:29]} 37. Rc5 {[%clk 0:23:27]} Ne6
{[%clk 0:06:53]} 38. Rc8+ {[%clk 0:23:51]} Kg7 {[%clk 0:07:18]} 39. Nxe6+
{[%clk 0:24:03]} Rxe6 {[%clk 0:07:42]} 40. Qc3+ {[%clk 0:24:29]} Rf6
{[%clk 0:04:29]} 41. Rc4 {[%clk 0:24:22]} g5 {[%clk 0:00:39]} 42. h4
{[%clk 0:22:50]} h6 {[%clk 0:28:09]} 43. hxg5 {[%clk 0:52:43]} hxg5
{[%clk 0:28:33]} 44. Rc5 {[%clk 0:53:09]} Kg6 {[%clk 0:22:05]} 45. Qe5
{[%clk 0:53:34]} Qb6 {[%clk 0:21:57]} 46. Qxg5+ {[%clk 0:53:51]} Kh7
{[%clk 0:22:26]} 47. Qh5+ {[%clk 0:52:44]} Kg7 {[%clk 0:22:55]} 48. Qg4+
{[%clk 0:51:26]} Rg6 {[%clk 0:22:34]} 49. Qd4+ {[%clk 0:51:51]} f6
{[%clk 0:21:17]} 50. Qc4 {[%clk 0:51:46]} 1-0

[Event "AsianNationCupW-Standard"]
[Site "Hamedan 2018"]
[Date "2018.07.31"]
[Round "4.8"]
[White "Mahdian, Anousha"]
[Black "Zhai, Mo"]
[Result "0-1"]
[BlackElo "2350"]
[WhiteElo "2004"]
[LiveChessVersion "1.4.8"]

1. d4 {[%clk 1:30:57]} d5 {[%clk 1:30:50]} 2. c4 {[%clk 1:31:21]} dxc4
{[%clk 1:31:05]} 3. e4 {[%clk 1:31:47]} Nc6 {[%clk 1:31:13]} 4. Nf3
{[%clk 1:29:37]} Bg4 {[%clk 1:31:22]} 5. Bxc4 {[%clk 1:27:12]} e6
{[%clk 1:29:29]} 6. Be3 {[%clk 1:24:12]} Nf6 {[%clk 1:28:08]} 7. Nc3
{[%clk 1:23:15]} Bb4 {[%clk 1:27:27]} 8. Qd3 Bxf3 {[%clk 1:10:58]} 9. gxf3
{[%clk 1:21:19]} e5 {[%clk 1:08:16]} 10. d5 Ne7 11. f4 Ng4 {[%clk 0:56:44]} 12.
Rg1 {[%clk 0:46:43]} Nxe3 {[%clk 0:51:40]} 13. Qxe3 {[%clk 0:41:19]} exf4
{[%clk 0:43:04]} 14. Qd4 {[%clk 0:34:18]} Qd6 15. O-O-O {[%clk 0:26:25]} Ng6
{[%clk 0:27:42]} 16. Nb5 {[%clk 0:17:52]} Qe7 {[%clk 0:23:51]} 17. Kb1
{[%clk 0:10:47]} O-O {[%clk 0:22:31]} 18. d6 {[%clk 0:07:37]} Bxd6
{[%clk 0:21:05]} 19. Nxd6 {[%clk 0:08:04]} cxd6 {[%clk 0:21:27]} 20. h4
{[%clk 0:04:31]} Qxh4 {[%clk 0:13:30]} 21. Qxd6 {[%clk 0:03:11]} Rad8
{[%clk 0:10:56]} 22. Qc5 {[%clk 0:01:57]} b6 {[%clk 0:03:25]} 23. Qf5
{[%clk 0:01:11]} Rxd1+ {[%clk 0:03:28]} 24. Rxd1 {[%clk 0:01:38]} b5
{[%clk 0:01:19]} 25. Bb3 {[%clk 0:01:15]} Qxf2 {[%clk 0:01:39]} 26. Rd7
{[%clk 0:00:48]} Qe1+ {[%clk 0:01:48]} 27. Rd1 {[%clk 0:01:17]} Qe2
{[%clk 0:01:15]} 28. Rd7 {[%clk 0:01:40]} Kh8 {[%clk 0:01:00]} 29. a3
{[%clk 0:01:46]} Qe3 {[%clk 0:00:51]} 30. Bxf7 {[%clk 0:00:38]} Qb6
{[%clk 0:00:43]} 31. e5 {[%clk 0:00:37]} Qg1+ {[%clk 0:01:12]} 32. Ka2
{[%clk 0:01:03]} Qc5 {[%clk 0:01:36]} 33. Bxg6 {[%clk 0:00:31]} Rxf5 34. Bxf5
{[%clk 0:01:00]} g6 {[%clk 0:01:10]} 35. Bd3 {[%clk 0:00:31]} Qxe5
{[%clk 0:01:25]} 0-1